Family business in selected countries

Rodinné podnikanie vo vybraných krajinách: v Českej republike, USA, Veľkej Británii a Číne.

Uložené v:
Podrobná bibliografia
Hlavný autor: Krošláková, Monika, 1975-
Ďalší autori: Mečiar, Radoslava
Médium: Kapitola
Jazyk:English
Predmet:
Tagy: Pridať tag
Žiadne tagy, Buďte prvý, kto otaguje tento záznam!

MARC

LEADER 00000naa a2200000 4500
001 0172116
005 20240502072942.5
041 0 |a eng 
044 |a SK 
245 1 0 |a Family business in selected countries  |c Monika Krošláková, Radoslava Mečiar 
520 |a Rodinné podnikanie vo vybraných krajinách: v Českej republike, USA, Veľkej Británii a Číne. 
610 2 0 |a podnikanie rodinné 
610 2 0 |a Česko 
610 2 0 |a USA 
610 2 0 |a Veľká Británia 
610 2 0 |a Čína 
100 1 |a Krošláková, Monika, 1975- 
700 1 |a Mečiar, Radoslava